| 000 | 00526nam a22001697a 4500 | ||
|---|---|---|---|
| 999 |
_c22689 _d22689 |
||
| 003 | BDDh-ASL | ||
| 005 | 20231015030143.0 | ||
| 008 | 210303s1978 bg ||||| |||| 00| 0 eng d | ||
| 040 | _cBDDh-ASL | ||
| 082 |
_a370 _bBAN |
||
| 110 | 1 |
_93298 _aBangladesh Bureau of Educational Information Statistics, Ministry of Education, Dhaka |
|
| 245 | 1 | 0 | _aStatistical Profile of Education in Bangladesh / |
| 260 |
_aDhaka: _bMinistry of Education, _c1978. |
||
| 300 |
_a87 p.: _c25 cm. |
||
| 650 | 0 |
_91210 _aEducation |
|
| 942 |
_2ddc _cBK |
||